| 000 | 00380 a2200133 4500 | ||
|---|---|---|---|
| 001 | 89669 | ||
| 082 | _a372.241 WAT | ||
| 090 |
_c42225 _d42225 |
||
| 100 | _aWatts, Eleanor | ||
| 245 |
_aOxford progressive english Book 1 _bprimary level english book series _cEleanor Watts |
||
| 260 |
_aKarachi _bOxford University Press _c2014 |
||
| 300 | _aiv, 100p. | ||
| 500 | _aDOS Textbook | ||
| 942 |
_aCAE NUST _k372.241 WAT |
||
| 999 |
_c324742 _d324742 |
||